Multiple Choice City Quiz – Verona - Statistics

General Stats
  • This quiz has been taken 185 times
  • The average score is 6 of 10
Answer Stats
Question Answer % Correct
Which Shakespearean play is set in Verona? Romeo and Juliet
95%
What is Verona's nickname? The City of Love
76%
In which Italian region is Verona located? Veneto
65%
What is the name of Verona's famous Roman amphitheatre? Arena di Verona
63%
How is Verona's medieval castle called? Castelvecchio
55%
What is the name of Verona's airport? Valerio Catullo Airport
54%
What is verona famous for producing? Wine
47%
Which river flows through Verona? Adige
46%
What is the name of Verona's main square? Piazza delle Erbe
44%
What is the name of Verona's main train station? Porta Nuova
35%
No matching quizzes found
Score Distribution
Percent of People with Each Score
Percentile by Number Answered
Your Score History
You have not taken this quiz